|
|
|
|
| LEADER |
00912nam a22002412a 4500 |
| 001 |
000872632 |
| 003 |
CZ BrMZK |
| 005 |
20071102115759.0 |
| 007 |
ta |
| 008 |
071025s1984 gw er|||||||||||ger d |
| 040 |
|
|
|a BOA001
|b cze
|
| 080 |
9 |
|
|a 1(430)"18":92 Schelling
|
| 100 |
1 |
|
|a Schelling, Friedrich Wilhelm Joseph von,
|d 1775-1854
|7 jn19990007561
|4 aut
|
| 245 |
1 |
0 |
|a Zur Geschichte der neueren Philosophie :
|b Münchener Vorlesungen /
|c Friedrich Wilhelm J. Schelling
|
| 250 |
|
|
|a 4. veränd. Aufl.
|
| 260 |
|
|
|a Leipzig :
|b P. Reclam jun.,
|c 1984
|
| 300 |
|
|
|a 211 s.
|
| 490 |
1 |
|
|a Reclams Universal-Bibliothek. Philosophie, Geschichte, Kulturgeschichte ;
|v 263
|
| 830 |
|
0 |
|a Reclams Universal-Bibliothek.
|p Philosophie, Geschichte, Kulturgeschichte
|
| 910 |
|
|
|a BOA001
|b 1-0889.376
|
| 990 |
|
|
|a BK
|
| 991 |
|
|
|b 200710
|
| 996 |
7 |
|
|b 2619596398
|c 1-0889.376
|l MZK
|r Sklad / do 1 hodiny
|n 0
|w 000872632
|u 000010
|a 1
|e BOA001
|j MZK50
|s A
|